000 00336nam a2200133Ia 4500
005 20251222144631.0
008 251222s9999||||xx |||||||||||||| ||spa||
020 _a84-285-2215-4
082 _a306.42/M84
100 _aMontesinos, Antonio
245 0 _aLa Sociedad de la Información e Internet:
264 _bSan Pablo
942 _cLIB
999 _c16290
_d16290